| 000 | 01538cam a2200361 a 4500 | ||
|---|---|---|---|
| 999 |
_c342282 _d342282 |
||
| 001 | 3546859 | ||
| 003 | NUST | ||
| 005 | 20171215111806.0 | ||
| 008 | 971027s1998 caua b 001 0 eng | ||
| 010 | _a 97080796 | ||
| 020 | _a012350810X (acidfree paper) | ||
| 040 |
_aDLC _cDLC _dDLC |
||
| 050 | 0 | 0 |
_aTP155 _b.H58 1998 |
| 082 | 0 | 0 |
_a660.0286 HOC _221 |
| 100 | 1 |
_aHocking, Martin. B. _q(Martin Blake), _d1938- _97341 |
|
| 245 | 1 | 0 |
_aHandbook of chemical technology and pollution control / _cMartin B. Hocking. |
| 246 | 3 | 0 | _aChemical technology and pollution control |
| 260 |
_aSan Diego : _bAcademic Press, _cc1998. |
||
| 300 |
_axxiv, 777 p. : _bill. ; _c26 cm. |
||
| 500 | _aRev. ed. of: Modern chemical technology and emission control. Berlin ; New York : Springer-Verlag, c1985. | ||
| 501 | _aH.B | ||
| 504 | _aIncludes bibliographical references.and index. | ||
| 650 | 0 |
_aChemistry, Technical. _97342 |
|
| 650 | 0 |
_aEnvironmental chemistry. _9441 |
|
| 700 | 1 |
_aHocking, M. B. _q(Martin Blake), _d1938- _tModern chemical technology and emission control. _97343 |
|
| 856 | 4 | 2 |
_3Publisher description _uhttp://www.loc.gov/catdir/description/els032/97080796.html |
| 856 | 4 | 1 |
_3Table of contents _uhttp://www.loc.gov/catdir/toc/els032/97080796.html |
| 906 |
_a7 _bcbc _corignew _d2 _eopcn _f19 _gy-gencatlg |
||
| 942 |
_2ddc _cBK _kIESE |
||